000 00359nam a22001577a 4500
020 _a978-9354617270
041 _aENG
100 _aSharma.R,K
245 _aAgriulture At A Glance
250 _a21 th
260 _aNew delhi
_bAstral Cracker
_c2020
300 _a677
650 _aBanking
700 _aBhoi S.K , Pandey N
856 _uCompetitive Exam
999 _c198
_d198